The ministry in historical perspectives / (Record no. 26517)

MARC details
000 -LEADER
fixed length control field 01081cam a2200277Ii 4500
001 - CONTROL NUMBER
control field 4676059
005 - DATE AND TIME OF LATEST TRANSACTION
control field 20090423080725.0
008 - FIXED-LENGTH DATA ELEMENTS--GENERAL INFORMATION
fixed length control field 770906s1956 nyu 001 0 eng d
010 ## - LIBRARY OF CONGRESS CONTROL NUMBER
LC control number 56010212
035 ## - SYSTEM CONTROL NUMBER
System control number (OCoLC)ocm03245043
035 ## - SYSTEM CONTROL NUMBER
System control number (NNC)4676059
040 ## - CATALOGING SOURCE
Original cataloging agency OKO
Transcribing agency OKO
Modifying agency OCL
050 ## - LIBRARY OF CONGRESS CALL NUMBER
Classification number BV 660
Item number .N48 1956
098 ## - OTHER CLASSIFICATION SCHEMES (OCLC)
Call number based on other classification scheme WP1.9
100 1# - MAIN ENTRY--PERSONAL NAME
Personal name Niebuhr, H. Richard
Fuller form of name (Helmut Richard),
Dates associated with a name 1894-1962,
Relator term ed.
830 #0 - SERIES ADDED ENTRY--UNIFORM TITLE
Uniform title Publication of the Survey of Theological Education in the United States and Canada.
245 14 - TITLE STATEMENT
Title The ministry in historical perspectives /
Statement of responsibility, etc edited by H. Richard Niebuhr and Daniel D. Williams.
260 ## - PUBLICATION, DISTRIBUTION, ETC. (IMPRINT)
Place of publication, distribution, etc New York :
Name of publisher, distributor, etc Harper & Brothers.
Date of publication, distribution, etc [c1956]
300 ## - PHYSICAL DESCRIPTION
Extent xi, 331 p. ;
Dimensions 21 cm.
490 1# - SERIES STATEMENT
Series statement Publication of the Survey of Theological Education in the United States and Canada
650 #0 - SUBJECT ADDED ENTRY--TOPICAL TERM
Topical term or geographic name as entry element Clergy
General subdivision History.
700 1# - ADDED ENTRY--PERSONAL NAME
Personal name Williams, Daniel Day,
Dates associated with a name 1910-1973,
Relator term joint ed.
942 ## - ADDED ENTRY ELEMENTS (KOHA)
Source of classification or shelving scheme Library of Congress Classification
Item type Book
Holdings
Withdrawn status Lost status Source of classification or shelving scheme Damaged status Not for loan Collection code Home library Current library Shelving location Date acquired Source of acquisition Total Checkouts Full call number Barcode Date last borrowed Copy number Price effective from Koha item type
    Library of Congress Classification     Non-fiction Bishop Okullu Memorial Library (Limuru Campus) Bishop Okullu Memorial Library (Limuru Campus) General Circulation 20/09/2010 Purchase 3 BV 660 .N48 1956 021826 08/05/2018 1 20/09/2010 Book